书目信息 |
| 题名: |
招投标与合同管理实务
|
|
| 作者: | 危道军 主编 | |
| 分册: | ||
| 出版信息: | 北京 高等教育出版社 2025.02 |
|
| 页数: | 292页 | |
| 开本: | 26cm | |
| 丛书名: | 高等职业教育土木建筑类专业群“建业筑新匠心育才”系列教材 | |
| 单 册: | ||
| 中图分类: | TU723 | |
| 科图分类: | ||
| 主题词: | 建筑工程--jian zhu gong cheng--招标--高等职业教育--教材 , 建筑工程--jian zhu gong cheng--投标--高等职业教育--教材 , 建筑工程--jian zhu gong cheng--经济合同--管理--高等职业教育--教材 | |
| 电子资源: | ||
| ISBN: | 978-7-04-061865-5 | |
| 000 | 01631nam 2200313 450 | |
| 001 | 89666 | |
| 005 | 20250814182615.87 | |
| 010 | @a978-7-04-061865-5@dCNY48.00 | |
| 100 | @a20250319d2025 em y0chiy50 ea | |
| 101 | 0 | @achi |
| 102 | @aCN@b110000 | |
| 105 | @aa a 000yy | |
| 106 | @ar | |
| 200 | 1 | @a招投标与合同管理实务@Azhao tou biao yu he tong guan li shi wu@f主编危道军 |
| 205 | @a第5版 | |
| 210 | @a北京@c高等教育出版社@d2025.02 | |
| 215 | @a292页@c图@d26cm | |
| 225 | 2 | @a高等职业教育土木建筑类专业群“建业筑新匠心育才”系列教材@Agao deng zhi ye jiao yu tu mu jian zhu lei zhuan ye qun “ jian ye zhu xin jiang xin yu cai ”xi lie jiao cai |
| 320 | @a有书目 | |
| 330 | @a本书分为8个模块, 主要介绍建设项目与建设法律制度, 工程建设项目招标, 工程建设项目施工投标具体业务, 工程建设项目开标、评标、定标, 政府采购与电子招投标, 合同法律认知, 施工合同管理, 施工索赔与风险管理等内容, 同时编入一些典型的工程实例。本书按照高素质技术技能人才培养的特点, 以满足职业岗位核心能力为目的, 基于工作过程构建教材内容体系, 采用模块式编写体例。每个模块中有岗位要求、思维导图、学习目标与案例引入等内容, 并设计了职业活动训练、讨论与训练题等板块。 | |
| 333 | @a“十四五”职业教育国家规划教材 | |
| 410 | 0 | @12001 @a高等职业教育土木建筑类专业群“建业筑新匠心育才”系列教材 |
| 606 | 0 | @a建筑工程@Ajian zhu gong cheng@x招标@x高等职业教育@j教材 |
| 606 | 0 | @a建筑工程@Ajian zhu gong cheng@x投标@x高等职业教育@j教材 |
| 606 | 0 | @a建筑工程@Ajian zhu gong cheng@x经济合同@x管理@x高等职业教育@j教材 |
| 690 | @aTU723@v5 | |
| 701 | 0 | @a危道军@Awei dao jun@4主编 |
| 801 | 0 | @aCN@c20250909 |
| 905 | @a河南城建学院图书馆@dTU723@eW495=5@f1 | |
| 招投标与合同管理实务/主编危道军.-第5版.-北京:高等教育出版社,2025.02 |
| 292页:图;26cm.-(高等职业教育土木建筑类专业群“建业筑新匠心育才”系列教材) |
| 使用对象:“十四五”职业教育国家规划教材 |
| ISBN 978-7-04-061865-5:CNY48.00 |
| 本书分为8个模块, 主要介绍建设项目与建设法律制度, 工程建设项目招标, 工程建设项目施工投标具体业务, 工程建设项目开标、评标、定标, 政府采购与电子招投标, 合同法律认知, 施工合同管理, 施工索赔与风险管理等内容, 同时编入一些典型的工程实例。本书按照高素质技术技能人才培养的特点, 以满足职业岗位核心能力为目的, 基于工作过程构建教材内容体系, 采用模块式编写体例。每个模块中有岗位要求、思维导图、学习目标与案例引入等内容, 并设计了职业活动训练、讨论与训练题等板块。 |
| ● |
| 相关链接 |
|
|
|
正题名:招投标与合同管理实务
索取号:TU723/W495=5
 
预约/预借
| 序号 | 登录号 | 条形码 | 馆藏地/架位号 | 状态 | 备注 |
| 1 | 1623628 | 216236286 | 建筑库201/201建筑库 30排4列2层/ [索取号:TU723/W495=5] | 在馆 |